MARC

LEADER 00000nam0a2200000 4500
001 17487
005 20231101205141.0
010 |a 5864611395 
035 |a (RuTPU)RU\TPU\book\17631 
035 |a BOOK00002319 
090 |a 17487 
100 |a 20011209d1994 km y0rusy50 ca 
101 1 |a rus  |c eng 
102 |a RU 
105 |a f z 000zy 
200 1 |a Международный бизнес. Внешняя среда и деловые операции  |e пер. с англ.  |f Дж. Д. Дэниелс, Л. Х. Радеба 
205 |a Изд. 6-е. 
210 |a Москва  |c Дело Лтд  |d 1994 
215 |a 784 с.  |c 8 вкл. 
606 1 |a Международный бизнес  |2 stltpush  |3 (RuTPU)RU\TPU\subj\36408  |9 57802 
610 1 |a экономика 
610 1 |a мировая экономика 
610 1 |a международные экономические связи 
610 1 |a международная торговля 
610 1 |a инвестиции 
610 1 |a финансы 
610 1 |a валютные ресурсы 
610 1 |a многонациональные корпорации 
610 1 |a управление 
610 1 |a маркетинг 
686 |a У58  |v LBC/SL-A  |2 rubbk 
700 1 |a Дэниелс  |b Дж. Д.  |g Джон Д. 
701 1 |a Радеба  |b Л. Х.  |g Ли Х. 
801 0 |a RU  |b 63413507  |c 20011209  |g PSBO 
801 2 |a RU  |b 63413507  |c 20171220  |g PSBO 
942 |c BK